Drum : Romanzo /

Kaydedildi:
Detaylı Bibliyografya
Yazar: Onstott, Kile (Yazar)
Diğer Yazarlar: Veraldi, Attilio
Materyal Türü: Kitap
Dil:İngilizce
İtalyanca
Baskı/Yayın Bilgisi: Milano : Feltrinelli, 1976
Edisyon:6. ed
Etiketler: Etiketle
Etiket eklenmemiş, İlk siz ekleyin!

MARC

LEADER 00000nam a22000007i 4500
001 IT\ICCU\LIA\0086831
003 ItRI
005 20260115232318.0
008 780411s1976 xxk|||||| ||||| |||||c
015 |2 IT  |a 67R7007 
040 |b ita  |c importazione bologna sebina 
041 7 |a eng  |a ita  |2 ISO-639-2 
100 1 |a Onstott, Kile  |0 IT\ICCU\RAVV\061318  |4 aut 
240 1 0 |a Drum. -  |3 IT\ICCU\RAV\0167433  |9 Onstott, Kyle 
245 1 0 |a Drum :  |b Romanzo /  |c Kyle Onstott ; traduzione di Attilio Verardi. 
250 |a 6. ed 
260 |a Milano :  |b Feltrinelli,  |c 1976 
300 |a 446 p. :  |b ill. ;  |c 22 cm. 
700 1 |a Veraldi, Attilio  |0 IT\ICCU\CFIV\046171 
942 |2 ddc  |c BK  |n 0 
952 |0 0  |1 0  |4 0  |6 DOC_813_540000000000000_ONS  |7 0  |9 24002  |a BO  |b BO  |d 2026-01-15  |i 3046  |l 0  |o DOC 813.54 ONS  |p BO3046  |r 2026-01-15 23:23:18  |w 2026-01-15  |x [Sebina 5] [1 v.]  |y BK  |z 1 v. 
999 |c 20435  |d 20435